Statistiques concernant Luther - GARÇON

Cliquez ici pour prendre le quiz!

Statistiques générales

  • Ce quiz a été pris 174 fois
  • Le résultat moyen est 5 sur 8

Statistiques - réponses

Réponses% Correct
GARÇON
94%
ALAKAZAM
77%
LESSGUI
64%
LE SANG
56%
BLAKE & MORTIMER
53%
PK TU M'APL ?
53%
MA VIE D'AVANT
41%
TORIEL - VENI VIDI VIDE
39%

Distribution des résultats

Percentile par nombre de réponses

% des personnes avec chaque résultat

Votre développement - résultats

Vous n’avez pas pris ce quiz